Green supply chain management in Asia Pacific : GIA industry white paper.
| Format: | Book |
|---|---|
| Published: |
[Hong Kong]:
Global Intelligence Alliance,
2009.
|
| Subjects: |
| LEADER | 00444cam a2200133 7i4500 | ||
|---|---|---|---|
| 001 | 0000025791 | ||
| 005 | 20110126090000.0 | ||
| 090 | 0 | 0 | |a I 658.5 |b GRE |
| 245 | 0 | 0 | |a Green supply chain management in Asia Pacific : |b GIA industry white paper. |
| 260 | 0 | 0 | |a [Hong Kong]: |b Global Intelligence Alliance, |c 2009. |
| 300 | # | # | |a 39p. |
| 650 | 0 | 0 | |a Business logistics |
| 650 | 0 | 0 | |a Supply Chain Management |
| 999 | |a 0000027112 |b Book |c International |e Business Information Centre | ||